000 00678nab a2200205 4500
001 244442
003 OSt
005 20250120143405.0
007 tu
008 200917s2020|||||||
040 _aDE-2950
_cDE-2950
245 0 0 _aWas wird aus den Bäumen?
_bPlanung. Die Stadt hat erste Entwürfe für eine Umgestaltung der Magistrale vorgestellt. Vor allem über die Zukunft der Linden in der Straße wurde heftig diskutiert/
_cThomas Gutke
264 _c2024
653 _aFrankfurt (Oder)
653 _aMagistrale
653 _aUmgestaltung
653 _aBäume
773 0 _g36. Jahrgang (2025) Nr. 16 vom 20.01.2025, S. 11 mit Foto
_tMärkische Oderzeitung
942 _2z
_cA
999 _c373578
_d373578